| 000 | 00730cam a22001935a 4500 | ||
|---|---|---|---|
| 001 | L156004 | ||
| 008 | 120424s1814 xxk f 000 0 eng d | ||
| 035 | _a(Sirsi) u156004 | ||
| 041 | 0 | _aeng | |
| 100 | 1 | _aDickson, R. W. | |
| 245 | 0 | 0 |
_aPractical agriculture, or, A complete system of modern husbandry _bwith the best methods of planting, and the improved management of live stock _c[by R.W. Dickson] ; illustrated with numerous engravings |
| 250 |
_aA new edition _bin two volumes |
||
| 260 |
_aLondon _bSherwood, Neely, and Jones _c1814 |
||
| 300 |
_a2 v., plates _bill. _c30 cm. |
||
| 583 |
_aCondition reviewed _c20120620 _lcondition level 4 and 4 |
||
| 651 | 4 |
_aGreat Britain _y1707- |
|
| 690 |
_aRural _96268 |
||
| 942 | _n0 | ||
| 999 |
_c113972 _d113972 |
||